| 000 | 01579cam a2200421 a 4500 | ||
|---|---|---|---|
| 003 | CHAP | ||
| 005 | 20220817043619.0 | ||
| 008 | 000207d1995 mx r 00010 spa d | ||
| 010 | _a79788 | ||
| 011 | _a80760 | ||
| 020 | _a9683643516 | ||
| 035 | _a91214 | ||
| 040 | _cCHAP | ||
| 082 | 0 | 4 |
_a581.6 _bM3 |
| 100 | 0 | 0 |
_aMartínez Alfaro, Miguel Angel. _971791 |
| 245 | 1 | 0 |
_aCatálogo de plantas útiles de la sierra norte de Puebla, México _c/por Miguel Angel Martínez Alfaro [y otros] |
| 260 |
_aMéxico, D. F. : _bUniversidad Nacional Autónoma de México. Instituto de Biología, _c1995. |
||
| 300 | _a303 p. | ||
| 410 |
_aUNAM. _bInstituto de Biología |
||
| 490 | 0 |
_aCuadernos del Instituto de Biología _v; 27 |
|
| 590 |
_aBATCH-UPD _b10 _c20130110 _lUCH01 _h0512 |
||
| 590 |
_aBATCH-UPD _b10 _c20130110 _lUCH01 _h2154 |
||
| 590 |
_aBATCH-UPD _b10 _c20130410 _lUCH01 _h0150 |
||
| 590 |
_aBATCH-UPD _b10 _c20130914 _lUCH01 _h0737 |
||
| 590 |
_aCONVERSION _b10 _c20130109 _lUCH01 _h1344 |
||
| 650 | 1 | 4 |
_aBotánica economica _xPuebla. |
| 650 | 1 | 4 |
_aBotánica _xPuebla. _914608 |
| 700 | 0 |
_aEvangelista Oliva, Virginia. _938919 |
|
| 700 | 0 |
_aMendoza Cruz, Myrna. _974632 |
|
| 700 | 0 |
_aMorales García, Gustavo. _978274 |
|
| 810 |
_aUNAM. _bInstituto de Biología _9116093 |
||
| 830 | 0 |
_aCuadernos del Instituto de Biología _v; 27 _929841 |
|
| 901 | _aBK | ||
| 905 | _aLilia Sánchez G. | ||
| 942 | _cLIBRO | ||
| 949 |
_a581.6 M3 _bBC _cC _d33724000752747 _eC _gI.201599 _h97214 _i91214 _sb _t$218.00 |
||
| 949 |
_a581.6 M3 _bBC _cC _d33724002231900 _eC _fc.2 _gDonaciØn _h114184 _i91214 _sb |
||
| 999 |
_c79788 _d79788 |
||